| 000 | 01229nab a2200229 i 4500 | ||
|---|---|---|---|
| 001 | 768714001 | ||
| 003 | CO-MdFUSB | ||
| 005 | 20240509163944.0 | ||
| 008 | 240509t1969 sp ||||| |||| 00| 0 spa d | ||
| 040 |
_bspa _cCO-MdFUSB _dCO-MdFUSB |
||
| 041 | _aspa | ||
| 100 |
_aSolozábal, José María, _eautor |
||
| 245 | 3 |
_aEl funcionario _c/ José María Solozábal |
|
| 520 | _aSi bien la justicia es un aspecto crucial de la ética del servicio público, su importancia radica en su capacidad para abordar preocupaciones morales, pero no priva a las personas de su moralidad natural o de sus principios cristianos. El uso de diversas categorías de derecho está guiado por una nomenclatura y contenido tradicionales, pero reconocemos la necesidad de cambios diarios en su concepto y formas de representación legal. | ||
| 650 | 2 |
_aConciencia (Moral) _9927 |
|
| 650 | 7 |
_aÉtica social. _9186 |
|
| 650 | 7 |
_aÉtica cristiana _9185 |
|
| 653 | _aProfesión y responsabilidad en la sociedad | ||
| 773 | 0 |
_049450 _982608 _oR2535 _tRevista internacional de teología Concilium _w(CO-MdFUSB)8 _x0210-1041 _gNúmero 45, (mayo, 1969), páginas: 274 - 284 _qpágina: 274 |
|
| 942 | _cANA | ||
| 945 | _aCatherine Arias Alvarez - Practicante SENA | ||
| 999 |
_c69634 _d69634 |
||